[Event "23. Copenhagen Open  (Politiken Cup)"]
[Site "Copenhagen"]
[Date "2001.07.25"]
[Round "9"]
[White "Dalsberg, Sandra de Blecourt"]
[Black "Stovring, Claus"]
[Result "1/2-1/2"]
[WhiteElo "2055"]
[BlackElo "1966"]
[PlyCount "100"]
[EventDate "2001.07.16"]
[EventType "swiss"]
[EventRounds "11"]
[EventCountry "DEN"]
[SourceDate "2004.01.01"]

1. d4 Nf6 2. c4 g6 3. Nc3 Bg7 4. e4 d6 5. Bd3 O-O 6. Nge2 e5 7. d5 Nbd7 8. O-O
Nc5 9. Bc2 a5 10. f3 Ne8 11. Be3 f5 12. exf5 gxf5 13. f4 e4 14. Ng3 Nf6 15. h3
Qe8 16. Nb5 Qf7 17. a3 Na6 18. Qd2 Qg6 19. Ne2 b6 20. Nbd4 Bd7 21. b4 axb4 22.
axb4 Kh8 23. Ra2 Rg8 24. Rfa1 Bh6 25. Nc3 Qg3 26. Rxa6 Raf8 27. Kf1 Nh5 28. Qf2
Bxf4 29. Qxg3 Nxg3+ 30. Kf2 Bxe3+ 31. Kxe3 f4+ 32. Kd2 f3 33. Nxe4 fxg2 34.
Nxg3 Rxg3 35. Ra8 Be8 36. Ne2 Rxh3 37. Rg1 Rh2 38. Be4 Rh4 39. Bxg2 Rxc4 40.
Bh3 Rxb4 41. Rf1 Kg7 42. Rxf8 Kxf8 43. Rc8 Ke7 44. Rxc7+ Kf6 45. Rxh7 Rb2+ 46.
Ke1 Bb5 47. Nc3 Bc4 48. Rh4 b5 49. Rf4+ Kg5 50. Rg4+ Kh5 1/2-1/2

[Event "23. Copenhagen Open  (Politiken Cup)"]
[Site "Copenhagen"]
[Date "2001.07.25"]
[Round "9"]
[White "Elka, Parviz"]
[Black "Aird, Ian"]
[Result "0-1"]
[WhiteElo "1329"]
[BlackElo "2136"]
[PlyCount "54"]
[EventDate "2001.07.16"]
[EventType "swiss"]
[EventRounds "11"]
[EventCountry "DEN"]
[SourceDate "2004.01.01"]

1. d4 d6 2. c4 e5 3. dxe5 dxe5 4. Qxd8+ Kxd8 5. Nc3 c6 6. Bd2 Be6 7. e4 Nd7 8.
Nf3 f6 9. Be2 Bc5 10. h3 Ne7 11. a3 a5 12. b3 g5 13. Na4 Bd4 14. Nc3 Nc5 15.
Rb1 Bxc3 16. Bxc3 Nxe4 17. Bb2 Ng6 18. g3 Ke7 19. Bd3 Nc5 20. Bc2 Rhd8 21. Ke2
a4 22. Bc1 axb3 23. Bxg6 Bxc4+ 24. Ke3 hxg6 25. Ne1 Rd1 26. Ra1 Na4 27. h4 Rh8
0-1

[Event "23. Copenhagen Open  (Politiken Cup)"]
[Site "Copenhagen"]
[Date "2001.07.25"]
[Round "9"]
[White "Gorecki, Zbigniew"]
[Black "Auchenberg, Einar"]
[Result "1-0"]
[WhiteElo "2000"]
[BlackElo "1614"]
[PlyCount "77"]
[EventDate "2001.07.16"]
[EventType "swiss"]
[EventRounds "11"]
[EventCountry "DEN"]
[SourceDate "2004.01.01"]

1. d4 d5 2. c4 e6 3. Nc3 Nf6 4. Bg5 c6 5. e3 h6 6. Bh4 Qa5 7. Bxf6 gxf6 8. a3
Rg8 9. b4 Bxb4 10. axb4 Qxb4 11. Qc2 dxc4 12. Ra4 Qf8 13. Rxc4 f5 14. Nf3 f6
15. Nb5 Rg7 16. g3 a6 17. Nc3 Nd7 18. Na4 Qa3 19. Bg2 b5 20. Rxc6 Bb7 21. Rc7
Qxa4 22. Qxa4 bxa4 23. Rxb7 Rb8 24. Rxb8+ Nxb8 25. Nd2 Rc7 26. Ke2 Nd7 27. Kd3
e5 28. f3 Nb6 29. Re1 exd4 30. exd4+ Kd7 31. f4 Kd6 32. Rb1 Nd5 33. Bxd5 Kxd5
34. Ra1 h5 35. Rxa4 Ra7 36. Rb4 h4 37. Rb6 hxg3 38. Nf1 gxh2 39. Ne3# 1-0

[Event "23. Copenhagen Open  (Politiken Cup)"]
[Site "Copenhagen"]
[Date "2001.07.25"]
[Round "9"]
[White "Grahn, Lars"]
[Black "Hvenekilde, Jorgen"]
[Result "1/2-1/2"]
[WhiteElo "2100"]
[BlackElo "2267"]
[PlyCount "59"]
[EventDate "2001.07.16"]
[EventType "swiss"]
[EventRounds "11"]
[EventCountry "DEN"]
[SourceDate "2004.01.01"]

1. d4 Nf6 2. c4 g6 3. Nc3 Bg7 4. e4 d6 5. Nge2 O-O 6. Ng3 c6 7. Be2 a6 8. a4 a5
9. Be3 Na6 10. Qd2 Nb4 11. Rd1 Nd7 12. Bh6 Bxd4 13. Bxf8 Qxf8 14. O-O e5 15.
Bg4 Nc5 16. Bxc8 Rxc8 17. Qe2 Ne6 18. Qg4 Kh8 19. Nge2 Bc5 20. Kh1 Re8 21. Nc1
f5 22. exf5 gxf5 23. Qh4 Nf4 24. Rd2 Re6 25. g4 Rh6 26. Qg5 fxg4 27. Qxg4 Rg6
28. Qh4 Rh6 29. Qg4 Rg6 30. Qh4 1/2-1/2

[Event "23. Copenhagen Open  (Politiken Cup)"]
[Site "Copenhagen"]
[Date "2001.07.25"]
[Round "9"]
[White "Greisen, Flemming Dahl"]
[Black "Andersen, Kasper Lolk"]
[Result "1-0"]
[WhiteElo "1425"]
[BlackElo "1192"]
[PlyCount "53"]
[EventDate "2001.07.16"]
[EventType "swiss"]
[EventRounds "11"]
[EventCountry "DEN"]
[SourceDate "2004.01.01"]

1. d4 d5 2. c4 e6 3. Nf3 Nf6 4. Nc3 Bb4 5. Bg5 b6 6. e3 Ba6 7. Qb3 Ba5 8. Bd3
h6 9. Bxf6 Qxf6 10. Ne5 O-O 11. O-O Bxc3 12. bxc3 Rd8 13. Qa4 Qe7 14. a3 f6 15.
Ng6 Qe8 16. Qxe8+ Rxe8 17. Nf4 Bxc4 18. Bxc4 dxc4 19. d5 e5 20. Ne6 Na6 21. e4
g6 22. f4 Re7 23. fxe5 fxe5 24. Rf6 Nc5 25. Nxc5 bxc5 26. Rxg6+ Kf8 27. Rxh6
1-0

[Event "23. Copenhagen Open  (Politiken Cup)"]
[Site "Copenhagen"]
[Date "2001.07.25"]
[Round "9"]
[White "Hagen, Andreas Skytte"]
[Black "Tozer, Richard"]
[Result "1/2-1/2"]
[WhiteElo "2113"]
[BlackElo "2315"]
[PlyCount "119"]
[EventDate "2001.07.16"]
[EventType "swiss"]
[EventRounds "11"]
[EventCountry "DEN"]
[SourceDate "2004.01.01"]

1. d4 f5 2. Nc3 d5 3. f3 Nf6 4. Bg5 g6 5. Qd2 Be6 6. Nh3 c6 7. O-O-O Nbd7 8.
Nf4 Bf7 9. h4 h6 10. Bxf6 Nxf6 11. e3 Qc7 12. g4 fxg4 13. fxg4 Nxg4 14. Bh3 h5
15. Bxg4 hxg4 16. Qg2 e5 17. Nd3 e4 18. Ne5 Bd6 19. Nxf7 Qxf7 20. Qxg4 Qf5 21.
Rdg1 Qxg4 22. Rxg4 Kf7 23. Rf1+ Ke7 24. Rxg6 Rag8 25. h5 Rxg6 26. hxg6 Rf8 27.
Rh1 Kf6 28. Rh7 Rb8 29. Rd7 Bf8 30. Ne2 Bh6 31. Kd2 Kxg6 32. Rd6+ Kh5 33. Ng3+
Kg5 34. c4 Bf8 35. Re6 Kg4 36. Nf1 dxc4 37. Rxe4+ Kf5 38. Ng3+ Kf6 39. Kc3 b5
40. Re5 a5 41. Ne4+ Kf7 42. Nc5 Bd6 43. Rf5+ Kg6 44. Rf3 Re8 45. a4 Kg5 46. e4
Kg4 47. Rf6 Bxc5 48. dxc5 Rxe4 49. Rxc6 b4+ 50. Kd2 Re5 51. Rc8 Kf5 52. c6 Rc5
53. c7 Ke6 54. Ra8 Rxc7 55. Rxa5 c3+ 56. bxc3 bxc3+ 57. Kc2 Rc4 58. Ra8 Kd6 59.
a5 Kc7 60. Rh8 1/2-1/2

[Event "23. Copenhagen Open  (Politiken Cup)"]
[Site "Copenhagen"]
[Date "2001.07.25"]
[Round "9"]
[White "Hansen, Herluf"]
[Black "Hesselberg, Leif"]
[Result "1-0"]
[WhiteElo "2044"]
[BlackElo "1800"]
[PlyCount "75"]
[EventDate "2001.07.16"]
[EventType "swiss"]
[EventRounds "11"]
[EventCountry "DEN"]
[SourceDate "2004.01.01"]

1. d4 d5 2. Nf3 Bg4 3. c4 Bxf3 4. gxf3 c6 5. e3 Nf6 6. Nc3 g6 7. Qb3 Qd7 8. Bg2
Bg7 9. Bd2 Na6 10. cxd5 cxd5 11. O-O O-O 12. Rfc1 Rfd8 13. Nb5 Ne8 14. Rc2 Nb8
15. Ba5 b6 16. Bd2 a6 17. Nc3 Qb7 18. Rac1 e6 19. Na4 Nd7 20. Nc5 Qa7 21. Nxd7
Rxd7 22. Rc6 Nd6 23. Bf1 b5 24. R6c2 Nc4 25. Qd3 e5 26. dxe5 Nxe5 27. Qe2 d4
28. Rc8+ Rd8 29. Rxd8+ Rxd8 30. exd4 Qxd4 31. Be3 Qd5 32. Bg2 Qxa2 33. Bb6 Rb8
34. Ba7 Ra8 35. f4 Nf3+ 36. Bxf3 Rxa7 37. Rc8+ Bf8 38. Qe8 1-0

[Event "23. Copenhagen Open  (Politiken Cup)"]
[Site "Copenhagen"]
[Date "2001.07.25"]
[Round "9"]
[White "Hansen, Ib Lynaes"]
[Black "Christensen, Esben"]
[Result "0-1"]
[WhiteElo "1866"]
[BlackElo "2115"]
[PlyCount "96"]
[EventDate "2001.07.16"]
[EventType "swiss"]
[EventRounds "11"]
[EventCountry "DEN"]
[SourceDate "2004.01.01"]

1. e4 c5 2. b3 d6 3. Bb2 Nf6 4. Nc3 Nc6 5. Nf3 a6 6. Bc4 e6 7. a4 Be7 8. O-O
O-O 9. Re1 d5 10. exd5 exd5 11. Bf1 Bg4 12. Ne2 Bxf3 13. gxf3 Nh5 14. Ng3 Nf4
15. a5 Bf6 16. Bxf6 Qxf6 17. Ra4 Rad8 18. Ne2 d4 19. Nxf4 Qxf4 20. Re4 Qf5 21.
Bg2 Rd6 22. f4 Re6 23. Qf3 Rxe4 24. Qxe4 Qg4 25. Qf3 Qh4 26. Qe4 Qd8 27. Ra1
Re8 28. Qf5 Qd6 29. Bd5 Re7 30. Bc4 g6 31. Qg4 Re4 32. Kf1 Rxf4 33. Qg3 Qf6 34.
Re1 h5 35. Bd5 Nxa5 36. Re8+ Kg7 37. c3 Nc6 38. Rc8 Ne7 39. Rxc5 Nxd5 40. Rxd5
Rf3 41. Qg2 dxc3 42. dxc3 Rxc3 43. Rxh5 Rc1+ 44. Ke2 Qb2+ 45. Kf3 Qxb3+ 46. Kg4
Rc4+ 47. f4 Qd1+ 48. Kg5 Qxh5# 0-1

[Event "23. Copenhagen Open  (Politiken Cup)"]
[Site "Copenhagen"]
[Date "2001.07.25"]
[Round "9"]
[White "Helin, Mikael"]
[Black "Kristensen, Jonas Rune"]
[Result "1-0"]
[WhiteElo "1984"]
[BlackElo "1755"]
[PlyCount "41"]
[EventDate "2001.07.16"]
[EventType "swiss"]
[EventRounds "11"]
[EventCountry "DEN"]
[SourceDate "2004.01.01"]

1. e4 c6 2. d4 d5 3. f3 e6 4. Be3 Qb6 5. Nc3 Qxb2 6. Nge2 Qa3 7. Rb1 Nd7 8. Bd2
Qd6 9. e5 Qc7 10. Bf4 Ne7 11. g4 Nb6 12. h4 h5 13. Bg3 hxg4 14. fxg4 c5 15. Nb5
Qc6 16. Nd6+ Kd7 17. Nxf7 cxd4 18. Nxh8 Nc4 19. Nxd4 Qc5 20. Bf2 Nxe5 21. Bb5+
1-0

[Event "23. Copenhagen Open  (Politiken Cup)"]
[Site "Copenhagen"]
[Date "2001.07.25"]
[Round "9"]
[White "Hovmoller, Kristian"]
[Black "Laustsen, Lars"]
[Result "1/2-1/2"]
[WhiteElo "2194"]
[BlackElo "1955"]
[PlyCount "86"]
[EventDate "2001.07.16"]
[EventType "swiss"]
[EventRounds "11"]
[EventCountry "DEN"]
[SourceDate "2004.01.01"]

1. d4 Nf6 2. c4 e6 3. Nc3 d5 4. Bg5 Be7 5. e3 O-O 6. Nf3 h6 7. Bh4 b6 8. Rc1
Bb7 9. Bxf6 Bxf6 10. cxd5 exd5 11. Bd3 c5 12. O-O Nd7 13. Bf5 cxd4 14. Nxd4 Nc5
15. Qf3 g6 16. Bb1 Bxd4 17. exd4 Ne6 18. Qe3 Kg7 19. f4 Re8 20. f5 Ng5 21. Qf4
Qf6 22. fxg6 Qxf4 23. Rxf4 fxg6 24. h4 Ne6 25. Rg4 g5 26. Bf5 h5 27. Rg3 g4 28.
Bxe6 Rxe6 29. Nb5 Re7 30. Rgc3 Rf8 31. Nxa7 Ba6 32. Rc7 Rf1+ 33. Kh2 Rxc1 34.
Rxe7+ Kf6 35. Rh7 Kg6 36. Rd7 Rc2 37. Rd6+ Kg7 38. Rxd5 Bf1 39. Kg1 Bxg2 40.
Rxh5 Bf3 41. Rb5 Rg2+ 42. Kf1 g3 43. Re5 Kf6 1/2-1/2

[Event "23. Copenhagen Open  (Politiken Cup)"]
[Site "Copenhagen"]
[Date "2001.07.25"]
[Round "9"]
[White "Hoeg, Claus"]
[Black "Henrichsen, Jens"]
[Result "1/2-1/2"]
[WhiteElo "1785"]
[BlackElo "2069"]
[PlyCount "37"]
[EventDate "2001.07.16"]
[EventType "swiss"]
[EventRounds "11"]
[EventCountry "DEN"]
[SourceDate "2004.01.01"]

1. d4 Nf6 2. c4 g6 3. Nc3 Bg7 4. e4 d6 5. f4 O-O 6. Nf3 c5 7. d5 b5 8. cxb5 a6
9. a4 e6 10. dxe6 Bxe6 11. e5 dxe5 12. Qxd8 Rxd8 13. fxe5 Ng4 14. Bg5 Re8 15.
Ne4 Nd7 16. Nd6 Reb8 17. Bf4 Ndxe5 18. Nxe5 Nxe5 19. Be2 1/2-1/2

[Event "23. Copenhagen Open  (Politiken Cup)"]
[Site "Copenhagen"]
[Date "2001.07.25"]
[Round "9"]
[White "Jensen, Henrik Sandberg"]
[Black "Fant, Goran"]
[Result "0-1"]
[WhiteElo "1706"]
[BlackElo "2043"]
[PlyCount "108"]
[EventDate "2001.07.16"]
[EventType "swiss"]
[EventRounds "11"]
[EventCountry "DEN"]
[SourceDate "2004.01.01"]

1. e4 e6 2. Qe2 Be7 3. d4 d5 4. exd5 exd5 5. Nf3 Nf6 6. g3 b6 7. Ne5 O-O 8. Bg2
c6 9. O-O Ba6 10. Nd3 Re8 11. Qd1 Nbd7 12. Bg5 h6 13. Bxf6 Bxf6 14. c3 Qc7 15.
Na3 Bg5 16. f4 Be7 17. Nc2 Bd6 18. Qd2 Nf6 19. Rfe1 Ne4 20. Bxe4 dxe4 21. Ne5
f6 22. Ng4 Qd7 23. Nce3 h5 24. Nf2 f5 25. Nh3 Be7 26. Qd1 g6 27. Qb3+ Kg7 28.
Nc4 Bxc4 29. Qxc4 b5 30. Qb3 a5 31. a3 a4 32. Qc2 Qd5 33. Rad1 Rad8 34. Nf2 h4
35. gxh4 Bxh4 36. Re3 Rh8 37. Rd2 Rh5 38. Rde2 g5 39. Nh3 g4 40. Nf2 Qd6 41.
Nxe4 fxe4 42. Rxe4 Rh6 43. f5 g3 44. Rg4+ Kf7 45. hxg3 Bf6 46. Re6 Qd5 47. Rge4
Rdh8 48. Qg2 Qxf5 49. g4 Qd5 50. Qf3 Rh1+ 51. Kf2 R8h2+ 52. Ke3 Qg5+ 53. Qf4
Re1+ 54. Kf3 Rf1+ 0-1

[Event "23. Copenhagen Open  (Politiken Cup)"]
[Site "Copenhagen"]
[Date "2001.07.25"]
[Round "9"]
[White "Johansson, Thomas"]
[Black "Simonsen, Hans Kristian"]
[Result "1-0"]
[WhiteElo "2250"]
[BlackElo "1930"]
[PlyCount "87"]
[EventDate "2001.07.16"]
[EventType "swiss"]
[EventRounds "11"]
[EventCountry "DEN"]
[SourceDate "2004.01.01"]

1. e4 e6 2. d4 d5 3. e5 c5 4. c3 Nc6 5. Nf3 Bd7 6. a3 c4 7. Be2 Qc7 8. Bg5 h6
9. Bh4 g5 10. Bg3 Nge7 11. O-O Nf5 12. Nfd2 Bg7 13. b3 cxb3 14. Nxb3 O-O 15.
Bd3 Nce7 16. Nc5 Rac8 17. a4 a5 18. Na3 Bc6 19. Nb5 Bxb5 20. axb5 b6 21. Na4
Kh8 22. Re1 Nxg3 23. hxg3 f6 24. exf6 Rxf6 25. Qg4 Qd6 26. Ra2 Re8 27. Bb1 Nc8
28. Qd1 Kg8 29. Nb2 e5 30. Nd3 e4 31. Ne5 Rff8 32. Ng4 Qe6 33. Ne3 Nd6 34. Rb2
Nf5 35. Nxd5 Kh8 36. Nc7 Qc4 37. Nxe8 Rxe8 38. Rxe4 Rxe4 39. Bxe4 Nd6 40. Qd3
Qe6 41. Re2 Qb3 42. Bc6 a4 43. Re7 Qg8 44. Qg6 1-0

[Event "23. Copenhagen Open  (Politiken Cup)"]
[Site "Copenhagen"]
[Date "2001.07.25"]
[Round "9"]
[White "Jorgensen, Brian"]
[Black "Hassan, Omar Elsayed"]
[Result "1/2-1/2"]
[WhiteElo "2265"]
[BlackElo "2100"]
[PlyCount "108"]
[EventDate "2001.07.16"]
[EventType "swiss"]
[EventRounds "11"]
[EventCountry "DEN"]
[SourceDate "2004.01.01"]

1. d4 d5 2. c4 Nc6 3. e3 e5 4. dxe5 d4 5. a3 a5 6. Nf3 Bc5 7. exd4 Bxd4 8. Be2
Nge7 9. O-O O-O 10. Nxd4 Qxd4 11. Qxd4 Nxd4 12. Bd1 Be6 13. Bg5 Nec6 14. Re1 h6
15. Bf4 Bxc4 16. Nd2 Bd5 17. Rc1 Rfd8 18. Nf1 Nb3 19. Rc3 a4 20. Ng3 Ncd4 21.
Nh5 c6 22. g4 Ra5 23. h3 c5 24. Ng3 Bc6 25. Nf5 Kf8 26. Bg3 Nd2 27. Nxd4 cxd4
28. Rd3 Nc4 29. e6 fxe6 30. Bc7 Raa8 31. Bxd8 Rxd8 32. Re2 e5 33. Rc2 Be4 34.
Rxc4 Bxd3 35. Rxa4 e4 36. Ra5 Ke7 37. Bb3 b5 38. Ra6 Bc4 39. Bd1 Rd6 40. Ra7+
Kf6 41. b3 Bd3 42. Kg2 Rc6 43. g5+ hxg5 44. Rd7 Rc1 45. Bg4 Bf1+ 46. Kg3 d3 47.
a4 bxa4 48. bxa4 Ra1 49. f4 gxf4+ 50. Kxf4 Rxa4 51. Rd6+ Kf7 52. Rd7+ Kf6 53.
Rd6+ Kf7 54. Rd7+ Kf6 1/2-1/2

[Event "23. Copenhagen Open  (Politiken Cup)"]
[Site "Copenhagen"]
[Date "2001.07.25"]
[Round "9"]
[White "Kaaber Hansen, Jacob"]
[Black "Manley, Christian"]
[Result "1-0"]
[WhiteElo "1846"]
[BlackElo "1360"]
[PlyCount "37"]
[EventDate "2001.07.16"]
[EventType "swiss"]
[EventRounds "11"]
[EventCountry "DEN"]
[SourceDate "2004.01.01"]

1. e4 e5 2. Nf3 Nf6 3. Nc3 d6 4. Bc4 g6 5. d3 Bg7 6. O-O O-O 7. h3 Bd7 8. Nh2
Qe7 9. f4 exf4 10. Bxf4 Be6 11. Bb3 Nh5 12. Be3 Bxb3 13. axb3 a6 14. Nd5 Qd7
15. g4 Bxb2 16. gxh5 Bxa1 17. Qxa1 Qd8 18. Ng4 gxh5 19. Nh6# 1-0

[Event "23. Copenhagen Open  (Politiken Cup)"]
[Site "Copenhagen"]
[Date "2001.07.25"]
[Round "9"]
[White "Kjar, Peter Sigsgaard"]
[Black "Christensen, Verner"]
[Result "0-1"]
[WhiteElo "1573"]
[BlackElo "1797"]
[PlyCount "46"]
[EventDate "2001.07.16"]
[EventType "swiss"]
[EventRounds "11"]
[EventCountry "DEN"]
[SourceDate "2004.01.01"]

1. e4 e5 2. Nf3 Nc6 3. Bc4 Nf6 4. d3 Be7 5. Be3 O-O 6. O-O d6 7. c3 Na5 8. Nbd2
Nxc4 9. Nxc4 c6 10. Ncd2 Kh8 11. c4 Ng4 12. Qb3 f5 13. Nb1 f4 14. Bc1 Qe8 15.
Nbd2 Qh5 16. Qd1 Rf6 17. b3 Rh6 18. h3 Nf6 19. Nh2 Qg6 20. Kh1 Nh5 21. Rg1 Bh4
22. Qf1 Bxf2 23. Qxf2 Ng3+ 0-1

[Event "23. Copenhagen Open  (Politiken Cup)"]
[Site "Copenhagen"]
[Date "2001.07.25"]
[Round "9"]
[White "Kleinschroth, Roland"]
[Black "Royset, Paal"]
[Result "0-1"]
[WhiteElo "2160"]
[BlackElo "2257"]
[PlyCount "70"]
[EventDate "2001.07.16"]
[EventType "swiss"]
[EventRounds "11"]
[EventCountry "DEN"]
[SourceDate "2004.01.01"]

1. e4 c5 2. Nc3 Nc6 3. f4 e6 4. Nf3 d5 5. Bb5 Nf6 6. Ne5 Qb6 7. Qe2 Be7 8. exd5
exd5 9. O-O O-O 10. Bxc6 bxc6 11. Na4 Qb5 12. Nc3 Qb7 13. b3 Re8 14. Ba3 c4 15.
Bxe7 Qxe7 16. bxc4 Ba6 17. Qf2 dxc4 18. Nxc6 Qd7 19. Ne5 Qf5 20. Rab1 Qxc2 21.
Nc6 Qf5 22. Qf3 Qc5+ 23. Kh1 Qd6 24. Rfd1 h6 25. Nb4 Rad8 26. Nxa6 Qxa6 27. g3
Rd3 28. Qg2 Qd6 29. Re1 Rxe1+ 30. Rxe1 Rxd2 31. Qa8+ Kh7 32. Ne4 Nxe4 33. Qxe4+
Qg6 34. Qxc4 Qh5 35. Qe4+ f5 0-1

[Event "23. Copenhagen Open  (Politiken Cup)"]
[Site "Copenhagen"]
[Date "2001.07.25"]
[Round "9"]
[White "Kongsted, Halfdan Christian"]
[Black "Bering, Anders"]
[Result "1/2-1/2"]
[WhiteElo "2232"]
[BlackElo "2106"]
[PlyCount "90"]
[EventDate "2001.07.16"]
[EventType "swiss"]
[EventRounds "11"]
[EventCountry "DEN"]
[SourceDate "2004.01.01"]

1. e4 c5 2. Nf3 d6 3. d4 cxd4 4. Nxd4 Nf6 5. Nc3 g6 6. Be3 Bg7 7. f3 O-O 8. Qd2
Nc6 9. g4 Be6 10. O-O-O Nxd4 11. Bxd4 Qa5 12. a3 Rab8 13. h4 b5 14. Nd5 Qxd2+
15. Rxd2 Bxd5 16. exd5 a6 17. Be2 h6 18. Re1 Nd7 19. f4 Bxd4 20. Rxd4 Nc5 21.
Bf1 Rfc8 22. Kb1 Rc7 23. Re3 Rbc8 24. Rc3 Kg7 25. Ka2 f5 26. g5 hxg5 27. hxg5
Ne4 28. Rxc7 Rxc7 29. c4 Ng3 30. Bd3 bxc4 31. Rxc4 Rxc4 32. Bxc4 a5 33. Kb3 Nh5
34. Kc2 Nxf4 35. b4 axb4 36. a4 e6 37. dxe6 d5 38. Bb5 Nxe6 39. Kb3 Kf7 40.
Kxb4 Ke7 41. Bc6 Kd6 42. Be8 Nxg5 43. Bxg6 f4 44. a5 Kc6 45. Be8+ Kb7 1/2-1/2

[Event "23. Copenhagen Open  (Politiken Cup)"]
[Site "Copenhagen"]
[Date "2001.07.25"]
[Round "9"]
[White "Lardot, Derik"]
[Black "Furu, Thormod"]
[Result "0-1"]
[WhiteElo "2023"]
[BlackElo "1775"]
[PlyCount "62"]
[EventDate "2001.07.16"]
[EventType "swiss"]
[EventRounds "11"]
[EventCountry "DEN"]
[SourceDate "2004.01.01"]

1. e4 d5 2. exd5 Nf6 3. d4 Bg4 4. Bb5+ Nbd7 5. f3 Bf5 6. c4 a6 7. Ba4 b5 8.
cxb5 Nxd5 9. Nc3 e6 10. Nxd5 exd5 11. Qe2+ Be6 12. bxa6 Bd6 13. f4 O-O 14. Nf3
c5 15. O-O cxd4 16. Kh1 Nc5 17. Bb5 Bg4 18. Qd2 Ne4 19. Qd3 Bf5 20. Qxd4 Bc5
21. Qe5 Bg4 22. f5 Nf2+ 23. Rxf2 Bxf2 24. Nd4 Bxd4 25. Qxd4 Bxf5 26. Bd2 Be4
27. Rg1 f5 28. Bc3 Rf6 29. h3 Rg6 30. Kh2 Qh4 31. g3 {#} Qxh3+ 0-1

[Event "23. Copenhagen Open  (Politiken Cup)"]
[Site "Copenhagen"]
[Date "2001.07.25"]
[Round "9"]
[White "Larsen, Karsten"]
[Black "Jakobsen, Ole"]
[Result "0-1"]
[WhiteElo "2300"]
[BlackElo "2398"]
[PlyCount "142"]
[EventDate "2001.07.16"]
[EventType "swiss"]
[EventRounds "11"]
[EventCountry "DEN"]
[SourceDate "2004.01.01"]

1. e4 c5 2. Nf3 e6 3. d3 Nc6 4. g3 d5 5. Nbd2 Bd6 6. Bg2 Nge7 7. O-O O-O 8. Re1
f5 9. exd5 exd5 10. d4 cxd4 11. Nb3 f4 12. Nfxd4 Kh8 13. Bd2 a6 14. Bc3 Ne5 15.
Ne6 Bxe6 16. Bxe5 Bxe5 17. Rxe5 Bg8 18. Nd4 Qd6 19. Re1 Nc6 20. c3 Qh6 21. Nxc6
bxc6 22. Qd4 Be6 23. Re5 Bh3 24. f3 fxg3 25. hxg3 Rae8 26. Rae1 Rxe5 27. Qxe5
Bxg2 28. Kxg2 Qg6 29. Re2 h6 30. Qe6 Qd3 31. Qe3 Qd1 32. Rf2 Qa1 33. b3 Rf6 34.
Qd2 Qb1 35. Qc2 Qxc2 36. Rxc2 Kg8 37. Kf2 c5 38. Re2 Kf7 39. Re5 Rd6 40. f4 a5
41. a3 Rb6 42. Rxd5 Rxb3 43. Rxc5 Rxa3 44. Ke3 a4 45. Kd4 Ra1 46. Ra5 a3 47.
Kc4 a2 48. Kb3 Rb1+ 49. Kxa2 Rg1 50. Kb3 Rxg3 51. Rd5 Ke6 52. Re5+ Kf6 53. Rd5
Rf3 54. Rd4 h5 55. Kb4 h4 56. c4 h3 57. c5 h2 58. Rd1 Rxf4+ 59. Kb5 Rh4 60. Rh1
Ke5 61. Kb6 Kf4 62. c6 Kg3 63. c7 Rc4 64. Rd1 Rc3 65. Rd3+ Rxd3 66. c8=Q h1=Q
67. Qc7+ Kf2 68. Qc2+ Ke3 69. Qc5+ Kd2 70. Qb4+ Kc2 71. Qc5+ Kd1 0-1

[Event "23. Copenhagen Open  (Politiken Cup)"]
[Site "Copenhagen"]
[Date "2001.07.25"]
[Round "9"]
[White "Lynge, Torben"]
[Black "Nielsen, Morten"]
[Result "0-1"]
[WhiteElo "1701"]
[BlackElo "2085"]
[PlyCount "90"]
[EventDate "2001.07.16"]
[EventType "swiss"]
[EventRounds "11"]
[EventCountry "DEN"]
[SourceDate "2004.01.01"]

1. e4 Nf6 2. Nc3 d5 3. e5 d4 4. exf6 dxc3 5. fxg7 cxd2+ 6. Qxd2 Qxd2+ 7. Bxd2
Bxg7 8. O-O-O O-O 9. Nf3 e5 10. Bc3 e4 11. Ne5 Be6 12. Re1 Bd5 13. f4 f6 14.
Bc4 c6 15. Bxd5+ cxd5 16. Ng4 Nc6 17. Nf2 d4 18. Nxe4 dxc3 19. Nxc3 f5 20. Nd5
Rac8 21. Re6 Nd4 22. Ne7+ Kf7 23. Nxc8 Kxe6 24. Re1+ Kf6 25. Nd6 b6 26. Ne8+
Kf7 27. Nd6+ Kg6 28. Re7 Bf6 29. Re3 Rd8 30. Rg3+ Kh5 31. Rh3+ Kg4 32. c3 Ne2+
33. Kd2 Nxf4 34. Ke1 Rxd6 35. Rxh7 Nxg2+ 36. Kf2 Rd2+ 37. Kg1 a5 38. Rf7 Bg5
39. b3 Rxa2 40. Rb7 Rb2 41. b4 axb4 42. cxb4 Nh4 43. Rf7 Nf3+ 44. Kf1 Be3 45.
b5 Rf2# 0-1

[Event "23. Copenhagen Open  (Politiken Cup)"]
[Site "Copenhagen"]
[Date "2001.07.25"]
[Round "9"]
[White "Marder, Simon"]
[Black "Hansen, Gunnar West"]
[Result "1/2-1/2"]
[WhiteElo "2058"]
[BlackElo "2198"]
[PlyCount "36"]
[EventDate "2001.07.16"]
[EventType "swiss"]
[EventRounds "11"]
[EventCountry "DEN"]
[SourceDate "2004.01.01"]

1. d4 g6 2. e4 c6 3. Nc3 d5 4. f3 e6 5. Be3 Bh6 6. Qd2 Bxe3 7. Qxe3 Qh4+ 8. g3
Qh6 9. f4 Nf6 10. O-O-O b6 11. Nf3 Nbd7 12. Ne5 Bb7 13. exd5 cxd5 14. h4 Qg7
15. Kb1 h5 16. Be2 Kf8 17. Rhf1 a6 18. Bf3 Rd8 1/2-1/2

[Event "23. Copenhagen Open  (Politiken Cup)"]
[Site "Copenhagen"]
[Date "2001.07.25"]
[Round "9"]
[White "McShane, Rod"]
[Black "Jorgensen, Mikkel"]
[Result "0-1"]
[WhiteElo "1400"]
[BlackElo "1610"]
[PlyCount "30"]
[EventDate "2001.07.16"]
[EventType "swiss"]
[EventRounds "11"]
[EventCountry "DEN"]
[SourceDate "2004.01.01"]

1. e4 c5 2. Nf3 Nc6 3. d4 cxd4 4. Nxd4 e5 5. Nf3 Bc5 6. Bb5 Bxf2+ 7. Kxf2 Qb6+
8. Be3 Qxb5 9. b3 Qb4 10. c4 Nf6 11. Bd2 Nxe4+ 12. Ke3 Nxd2 13. Nbxd2 d5 14.
Ke2 e4 15. Nh4 Bg4+ 0-1

[Event "23. Copenhagen Open  (Politiken Cup)"]
[Site "Copenhagen"]
[Date "2001.07.25"]
[Round "9"]
[White "Molvig, Henrik"]
[Black "Lezcano Jaen, Pedro"]
[Result "0-1"]
[WhiteElo "2213"]
[BlackElo "2386"]
[PlyCount "56"]
[EventDate "2001.07.16"]
[EventType "swiss"]
[EventRounds "11"]
[EventCountry "DEN"]
[SourceDate "2004.01.01"]

1. d4 Nf6 2. c4 e6 3. Nf3 Bb4+ 4. Nbd2 b6 5. a3 Bxd2+ 6. Bxd2 Bb7 7. g3 O-O 8.
Bg2 d6 9. O-O Nbd7 10. Qc2 Be4 11. Qc1 c5 12. Bg5 cxd4 13. Nxd4 Bxg2 14. Kxg2
Rc8 15. Qe3 Rxc4 16. Nxe6 Qa8+ 17. f3 Ng4 18. Qb3 Rfc8 19. Kg1 Nge5 20. Nf4 f6
21. Rad1 fxg5 22. Nd5 Kh8 23. f4 gxf4 24. gxf4 Ng6 25. Qh3 Nf6 26. Nxf6 gxf6
27. Qe6 {#} Rxf4 28. Rxf4 Qg2+ 0-1

[Event "23. Copenhagen Open  (Politiken Cup)"]
[Site "Copenhagen"]
[Date "2001.07.25"]
[Round "9"]
[White "Nicolaisen, Erik"]
[Black "Skovgaard, Peter Nicolai"]
[Result "1-0"]
[WhiteElo "2015"]
[BlackElo "1688"]
[PlyCount "31"]
[EventDate "2001.07.16"]
[EventType "swiss"]
[EventRounds "11"]
[EventCountry "DEN"]
[SourceDate "2004.01.01"]

1. e4 c5 2. Nf3 d6 3. d4 cxd4 4. Nxd4 Nf6 5. Nc3 g6 6. f4 Bg7 7. e5 dxe5 8.
fxe5 Nd5 9. Bb5+ Kf8 10. Nxd5 Qxd5 11. O-O Bxe5 12. Bh6+ Kg8 13. Nf5 Qc5+ 14.
Be3 Qc7 15. Nh6+ Kg7 16. Rxf7# 1-0